Oeuvres complètes: philosophie
Uloženo v:
| Hlavní autor: | |
|---|---|
| Médium: | Kniha |
| Jazyk: | francouzština |
| Vydáno: |
París
Desclée de Brouwer
1978
|
| Edice: | Bibliothèque Européenne
|
| Témata: | |
| Tagy: |
Přidat tag
Žádné tagy, Buďte první, kdo vytvoří štítek k tomuto záznamu!
|
MARC
| LEADER | 00000nam a2200000 a 4500 | ||
|---|---|---|---|
| 001 | UCZ5308 | ||
| 003 | CL-VaPUC | ||
| 008 | 951117e19780000FR |||||||||||||||||fre|d | ||
| 082 | 0 | 4 | |a 102 |b GUI |2 21 |
| 100 | |a Guitton, Jean |e author |9 597295 | ||
| 245 | 1 | 0 | |a Oeuvres complètes: philosophie |
| 300 | |a 926 p | ||
| 942 | |c BK | ||
| 945 | |d 19951117 00:00:00 |a lriquelm | ||
| 260 | |a París |b Desclée de Brouwer |c 1978 | ||
| 600 | 0 | |a San Agustín de Hipona |x Teólogo y filósofo cristiano |9 311590 | |
| 600 | 0 | 7 | |a PLATON |2 CL-VaPUC |9 222 |
| 650 | 0 | |a Filosofía |9 223554 | |
| 650 | 0 | |a Existencialismo |9 265698 | |
| 650 | 0 | |a Monadología |9 268988 | |
| 650 | 0 | |a Fenomenología |9 256519 | |
| 650 | 0 | |a Misticismo |9 265505 | |
| 583 | |a last modification |c 19951117 00:00:00 |k Rodrigo Vera | ||
| 490 | 0 | |a Bibliothèque Européenne | |
| 999 | |c 241627 |d 241625 | ||
| 952 | |0 0 |1 0 |4 0 |6 102_000000000000000_GUI_1978 |7 0 |8 P |9 254005 |a BIBEDU |b BIBEDU |c BIBEDU_PB |d 2019-11-19 |i 1571141 |o 102 GUI 1978 |p 1571141 |r 2024-01-25 |w 2019-11-19 |y BK |k FIL | ||